Keajaiban dan keunikan alam jin
| Main Author: | Hamid Fahmy Zarkasyi |
|---|---|
| Other Authors: | Harun Ar-Rasyid Haji Tuskan |
| Published: |
Kuala Lumpur:
Al-Hidayah Pub.,
2009.
|
| Subjects: |
| LEADER | 00551cam a2200169 7i4500 | ||
|---|---|---|---|
| 001 | 0000032417 | ||
| 005 | 20110801090000.0 | ||
| 020 | |a 9789830994659 | ||
| 020 | |a 9830994651 (pbk.) | ||
| 090 | 0 | 0 | |a BP166.89 |b .H37 2009 |
| 100 | 0 | |a Hamid Fahmy Zarkasyi | |
| 245 | 1 | 0 | |a Keajaiban dan keunikan alam jin |c Hamid Fahmy Zarkasyi, Harun Ar-Rasyid Haji Tuskan. |
| 260 | |a Kuala Lumpur: |b Al-Hidayah Pub., |c 2009. | ||
| 300 | |a xv, 343 p.; |c 21 cm. | ||
| 650 | 0 | 0 | |a Jinn |
| 700 | 0 | |a Harun Ar-Rasyid Haji Tuskan | |
| 999 | |a 0000051347 |b BOK |c OPEN SHELF |e 1st Floor, Bestari Jaya | ||


